|
|
|
|
| LEADER |
00000nab a2200000 a 4500 |
| 001 |
vtls000541871 |
| 003 |
SK-MaSNL |
| 005 |
20260305005103.0 |
| 008 |
250425c1995 xo 0 slo |
| 015 |
|
|
|a SNBRB19rr/mm-uuuuu
|
| 035 |
|
|
|a CL0542009
|
| 035 |
|
|
|a urn:nbn:sk:snk-ab22cf
|
| 035 |
|
|
|a (urnnbn)urn:nbn:sk:snk:ar-a01g1i
|
| 035 |
|
|
|a (uuid)0d300f0c-89ff-40d9-882a-a849dba62b47
|
| 040 |
|
|
|a SNKBUCL
|b slo
|c SNKBUCL
|e AACR2
|
| 041 |
0 |
|
|a slo
|
| 044 |
|
|
|a xo
|c SK
|
| 080 |
|
|
|a 78.071.2:792.5:061.7
|2 1981
|
| 080 |
|
|
|a 792.5
|2 1981
|
| 080 |
|
|
|a 78.091.4
|2 1981
|
| 080 |
|
|
|a 785.6
|2 1981
|
| 245 |
0 |
0 |
|a Peter Dvorský v Prahe
|c -H-
|
| 600 |
1 |
7 |
|a Dvorský, Peter,
|d 1951-
|2 snkbucl
|9 134770
|
| 648 |
|
7 |
|a 1994
|2 snkbucl
|9 270209
|
| 650 |
0 |
7 |
|a koncerty
|2 snkbucl
|9 19182
|
| 651 |
|
7 |
|a Praha (Česko)
|2 snkbucl
|9 19313
|
| 655 |
|
7 |
|a články z novín a časopisov
|2 snkbucl
|9 267496
|
| 773 |
0 |
|
|t Hudobný život '95
|g Roč. 27, č. 1 (1995), s. 6
|
| 850 |
|
|
|a Slovenská národná knižnica
|
| 852 |
|
|
|a Slovenská národná knižnica
|
| 954 |
|
|
|a odborná, vedecká literatúra pôvodná (slovenská)
|2 lita
|
| 958 |
|
|
|a article27
|
| 958 |
|
|
|a OND
|
| 958 |
|
|
|a EUIPO
|
| 992 |
|
|
|a RBX
|
| 999 |
|
|
|c 3238891
|d 3240821
|